<?xml version="1.0" encoding="UTF-8"?>
<record
    xmlns:xsi="http://www.w3.org/2001/XMLSchema-instance"
    xsi:schemaLocation="http://www.loc.gov/MARC21/slim http://www.loc.gov/standards/marcxml/schema/MARC21slim.xsd"
    xmlns="http://www.loc.gov/MARC21/slim">

  <leader>04408nam a22003617a 4500</leader>
  <controlfield tag="003">NALT</controlfield>
  <controlfield tag="005">20241126155507.0</controlfield>
  <controlfield tag="008">230526b        th ||||| |||| 00| 0 tha d</controlfield>
  <datafield tag="020" ind1=" " ind2=" ">
    <subfield code="a">9786169386957</subfield>
  </datafield>
  <datafield tag="040" ind1=" " ind2=" ">
    <subfield code="a">NALT</subfield>
  </datafield>
  <datafield tag="050" ind1=" " ind2=" ">
    <subfield code="a">S 535.T5</subfield>
    <subfield code="b">&#xE2A;722&#xE21; 2566</subfield>
  </datafield>
  <datafield tag="100" ind1="0" ind2=" ">
    <subfield code="9">24622</subfield>
    <subfield code="a">&#xE2A;&#xE34;&#xE17;&#xE18;&#xE34;&#xE40;&#xE14;&#xE0A; &#xE1E;&#xE07;&#xE28;&#xE4C;&#xE01;&#xE34;&#xE08;&#xE27;&#xE23;&#xE2A;&#xE34;&#xE19;</subfield>
  </datafield>
  <datafield tag="245" ind1="1" ind2="0">
    <subfield code="a">&#xE21;&#xE38;&#xE21;&#xE21;&#xE2D;&#xE07;&#xE04;&#xE27;&#xE32;&#xE21;&#xE40;&#xE2A;&#xE35;&#xE48;&#xE22;&#xE07;&#xE02;&#xE2D;&#xE07;&#xE40;&#xE01;&#xE29;&#xE15;&#xE23;&#xE01;&#xE23;&#xE44;&#xE17;&#xE22; :</subfield>
    <subfield code="b">&#xE1A;&#xE17;&#xE40;&#xE23;&#xE35;&#xE22;&#xE19;&#xE08;&#xE32;&#xE01;&#xE0A;&#xE32;&#xE27;&#xE2A;&#xE27;&#xE19;&#xE21;&#xE30;&#xE21;&#xE48;&#xE27;&#xE07;&#xE41;&#xE25;&#xE30;&#xE17;&#xE38;&#xE40;&#xE23;&#xE35;&#xE22;&#xE19; /</subfield>
    <subfield code="c">&#xE2A;&#xE34;&#xE17;&#xE18;&#xE34;&#xE40;&#xE14;&#xE0A; &#xE1E;&#xE07;&#xE28;&#xE4C;&#xE01;&#xE34;&#xE08;&#xE27;&#xE23;&#xE2A;&#xE34;&#xE19;, &#xE40;&#xE02;&#xE21;&#xE23;&#xE31;&#xE10; &#xE40;&#xE16;&#xE25;&#xE34;&#xE07;&#xE28;&#xE23;&#xE35;, &#xE1E;&#xE0A;&#xE23;&#xE1E;&#xE31;&#xE0A;&#xE23;&#xE4C; &#xE16;&#xE27;&#xE34;&#xE25;&#xE19;&#xE1E;&#xE19;&#xE31;&#xE19;&#xE17;&#xE4C; ; &#xE1A;&#xE23;&#xE23;&#xE13;&#xE32;&#xE18;&#xE34;&#xE01;&#xE32;&#xE23;; &#xE1B;&#xE34;&#xE22;&#xE30;&#xE17;&#xE31;&#xE28;&#xE19;&#xE4C; &#xE1E;&#xE32;&#xE2C;&#xE2D;&#xE19;&#xE38;&#xE23;&#xE31;&#xE01;&#xE29;&#xE4C;, &#xE27;&#xE23;&#xE20;&#xE31;&#xE17;&#xE23; &#xE08;&#xE34;&#xE15;&#xE23;&#xE44;&#xE1E;&#xE28;&#xE32;&#xE25;&#xE28;&#xE23;&#xE35;, &#xE2A;&#xE21;&#xE1E;&#xE23; &#xE2D;&#xE34;&#xE28;&#xE27;&#xE34;&#xE25;&#xE32;&#xE19;&#xE19;&#xE17;&#xE4C;.</subfield>
  </datafield>
  <datafield tag="250" ind1=" " ind2=" ">
    <subfield code="a">&#xE1E;&#xE34;&#xE21;&#xE1E;&#xE4C;&#xE04;&#xE23;&#xE31;&#xE49;&#xE07;&#xE17;&#xE35;&#xE48; 1.</subfield>
  </datafield>
  <datafield tag="260" ind1=" " ind2=" ">
    <subfield code="a">&#xE01;&#xE23;&#xE38;&#xE07;&#xE40;&#xE17;&#xE1E;&#xE2F; :</subfield>
    <subfield code="b">&#xE2A;&#xE16;&#xE32;&#xE1A;&#xE31;&#xE19;&#xE04;&#xE25;&#xE31;&#xE07;&#xE2A;&#xE21;&#xE2D;&#xE07;&#xE02;&#xE2D;&#xE07;&#xE0A;&#xE32;&#xE15;&#xE34;,</subfield>
    <subfield code="c">2566.</subfield>
  </datafield>
  <datafield tag="300" ind1=" " ind2=" ">
    <subfield code="a">152 &#xE2B;&#xE19;&#xE49;&#xE32; :</subfield>
    <subfield code="b">&#xE20;&#xE32;&#xE1E;&#xE1B;&#xE23;&#xE30;&#xE01;&#xE2D;&#xE1A;, &#xE15;&#xE32;&#xE23;&#xE32;&#xE07;, &#xE41;&#xE1C;&#xE19;&#xE20;&#xE39;&#xE21;&#xE34; ;</subfield>
    <subfield code="c">24 &#xE0B;&#xE21;.</subfield>
  </datafield>
  <datafield tag="505" ind1="2" ind2=" ">
    <subfield code="a">&#xE2A;&#xE48;&#xE27;&#xE19;&#xE17;&#xE35;&#xE48; 1 &#xE1A;&#xE17;&#xE19;&#xE33; -- &#xE1A;&#xE17;&#xE17;&#xE35;&#xE48; 2 &#xE01;&#xE32;&#xE23;&#xE28;&#xE36;&#xE01;&#xE29;&#xE32;&#xE17;&#xE35;&#xE48;&#xE40;&#xE01;&#xE35;&#xE48;&#xE22;&#xE27;&#xE02;&#xE49;&#xE2D;&#xE07; -- &#xE2A;&#xE48;&#xE27;&#xE19;&#xE17;&#xE35;&#xE48; 2 &#xE21;&#xE30;&#xE21;&#xE48;&#xE27;&#xE07; -- &#xE1A;&#xE17;&#xE17;&#xE35;&#xE48; 3 &#xE2A;&#xE32;&#xE16;&#xE19;&#xE01;&#xE32;&#xE23;&#xE13;&#xE4C;&#xE21;&#xE30;&#xE21;&#xE48;&#xE27;&#xE07;&#xE43;&#xE19;&#xE1B;&#xE23;&#xE30;&#xE40;&#xE17;&#xE28;&#xE44;&#xE17;&#xE22; -- &#xE1A;&#xE17;&#xE17;&#xE35;&#xE48; 4 &#xE21;&#xE38;&#xE21;&#xE21;&#xE2D;&#xE07;&#xE04;&#xE27;&#xE32;&#xE21;&#xE40;&#xE2A;&#xE35;&#xE48;&#xE22;&#xE07; &#xE01;&#xE32;&#xE23;&#xE40;&#xE15;&#xE23;&#xE35;&#xE22;&#xE21;&#xE23;&#xE31;&#xE1A;&#xE21;&#xE37;&#xE2D; &#xE41;&#xE25;&#xE30;&#xE01;&#xE32;&#xE23;&#xE1B;&#xE23;&#xE31;&#xE1A;&#xE15;&#xE31;&#xE27;&#xE02;&#xE2D;&#xE07;&#xE40;&#xE01;&#xE29;&#xE15;&#xE23;&#xE01;&#xE23;&#xE1C;&#xE39;&#xE49;&#xE1B;&#xE25;&#xE39;&#xE01;&#xE21;&#xE30;&#xE21;&#xE48;&#xE27;&#xE07;&#xE21;&#xE2B;&#xE32;&#xE0A;&#xE19;&#xE01; (&#xE15;&#xE31;&#xE27;&#xE2D;&#xE22;&#xE48;&#xE32;&#xE07;&#xE40;&#xE01;&#xE29;&#xE15;&#xE23;&#xE01;&#xE23; &#xE08;.&#xE01;&#xE32;&#xE2C;&#xE2A;&#xE34;&#xE19;&#xE18;&#xE38;&#xE4C;) -- &#xE1A;&#xE17;&#xE17;&#xE35;&#xE48; 5 &#xE21;&#xE38;&#xE21;&#xE21;&#xE2D;&#xE07;&#xE04;&#xE27;&#xE32;&#xE21;&#xE40;&#xE2A;&#xE35;&#xE48;&#xE22;&#xE07; &#xE01;&#xE32;&#xE23;&#xE40;&#xE15;&#xE23;&#xE35;&#xE22;&#xE21;&#xE23;&#xE31;&#xE1A;&#xE21;&#xE37;&#xE2D; &#xE41;&#xE25;&#xE30;&#xE01;&#xE32;&#xE23;&#xE1B;&#xE23;&#xE31;&#xE1A;&#xE15;&#xE31;&#xE27;&#xE02;&#xE2D;&#xE07;&#xE40;&#xE01;&#xE29;&#xE15;&#xE23;&#xE01;&#xE23;&#xE1C;&#xE39;&#xE49;&#xE1B;&#xE25;&#xE39;&#xE01;&#xE21;&#xE30;&#xE21;&#xE48;&#xE27;&#xE07;&#xE19;&#xE49;&#xE33;&#xE14;&#xE2D;&#xE01;&#xE44;&#xE21;&#xE49; (&#xE15;&#xE31;&#xE27;&#xE2D;&#xE22;&#xE48;&#xE32;&#xE07;&#xE40;&#xE01;&#xE29;&#xE15;&#xE23;&#xE01;&#xE23; &#xE08;.&#xE19;&#xE04;&#xE23;&#xE23;&#xE32;&#xE0A;&#xE2A;&#xE35;&#xE21;&#xE32;) -- &#xE1A;&#xE17;&#xE17;&#xE35;&#xE48; 6 &#xE2A;&#xE23;&#xE38;&#xE1B;&#xE40;&#xE1B;&#xE23;&#xE35;&#xE22;&#xE1A;&#xE40;&#xE17;&#xE35;&#xE22;&#xE1A;&#xE40;&#xE01;&#xE29;&#xE15;&#xE23;&#xE01;&#xE23;&#xE1C;&#xE39;&#xE49;&#xE1B;&#xE25;&#xE39;&#xE01;&#xE21;&#xE30;&#xE21;&#xE48;&#xE27;&#xE07; -- &#xE2A;&#xE48;&#xE27;&#xE19;&#xE17;&#xE35;&#xE48; 3 &#xE17;&#xE38;&#xE40;&#xE23;&#xE35;&#xE22;&#xE19; -- &#xE1A;&#xE17;&#xE17;&#xE35;&#xE48; 7 &#xE2A;&#xE16;&#xE32;&#xE19;&#xE01;&#xE32;&#xE23;&#xE13;&#xE4C;&#xE17;&#xE38;&#xE40;&#xE23;&#xE35;&#xE22;&#xE19;&#xE43;&#xE19;&#xE1B;&#xE23;&#xE30;&#xE40;&#xE17;&#xE28;&#xE44;&#xE17;&#xE22; -- &#xE1A;&#xE17;&#xE17;&#xE35;&#xE48; 8 &#xE21;&#xE38;&#xE21;&#xE21;&#xE2D;&#xE07;&#xE04;&#xE27;&#xE32;&#xE21;&#xE40;&#xE2A;&#xE35;&#xE48;&#xE22;&#xE07; &#xE01;&#xE32;&#xE23;&#xE40;&#xE15;&#xE23;&#xE35;&#xE22;&#xE21;&#xE23;&#xE31;&#xE1A;&#xE21;&#xE37;&#xE2D; &#xE41;&#xE25;&#xE30;&#xE01;&#xE32;&#xE23;&#xE1B;&#xE23;&#xE31;&#xE1A;&#xE15;&#xE31;&#xE27;&#xE02;&#xE2D;&#xE07;&#xE40;&#xE01;&#xE29;&#xE15;&#xE23;&#xE01;&#xE23;&#xE1C;&#xE39;&#xE49;&#xE1B;&#xE25;&#xE39;&#xE01;&#xE17;&#xE38;&#xE40;&#xE23;&#xE35;&#xE22;&#xE19;&#xE43;&#xE19;&#xE20;&#xE32;&#xE04;&#xE15;&#xE30;&#xE27;&#xE31;&#xE19;&#xE2D;&#xE2D;&#xE01; (&#xE15;&#xE31;&#xE27;&#xE2D;&#xE22;&#xE48;&#xE32;&#xE07;&#xE40;&#xE01;&#xE29;&#xE15;&#xE23;&#xE01;&#xE23; &#xE08;.&#xE08;&#xE31;&#xE19;&#xE17;&#xE1A;&#xE38;&#xE23;&#xE35; &#xE23;&#xE30;&#xE22;&#xE2D;&#xE07; &#xE41;&#xE25;&#xE30;&#xE15;&#xE23;&#xE32;&#xE14;) -- &#xE1A;&#xE17;&#xE17;&#xE35;&#xE48; 9 &#xE21;&#xE38;&#xE21;&#xE21;&#xE2D;&#xE07;&#xE04;&#xE27;&#xE32;&#xE21;&#xE40;&#xE2A;&#xE35;&#xE48;&#xE22;&#xE07; &#xE01;&#xE32;&#xE23;&#xE40;&#xE15;&#xE23;&#xE35;&#xE22;&#xE21;&#xE23;&#xE31;&#xE1A;&#xE21;&#xE37;&#xE2D; &#xE41;&#xE25;&#xE30;&#xE01;&#xE32;&#xE23;&#xE1B;&#xE23;&#xE31;&#xE1A;&#xE15;&#xE31;&#xE27;&#xE02;&#xE2D;&#xE07;&#xE40;&#xE01;&#xE29;&#xE15;&#xE23;&#xE01;&#xE23;&#xE1C;&#xE39;&#xE49;&#xE1B;&#xE25;&#xE39;&#xE01;&#xE17;&#xE30;&#xE40;&#xE23;&#xE35;&#xE22;&#xE19;&#xE43;&#xE19;&#xE20;&#xE32;&#xE04;&#xE43;&#xE15;&#xE49; (&#xE15;&#xE31;&#xE27;&#xE2D;&#xE22;&#xE48;&#xE32;&#xE07;&#xE40;&#xE01;&#xE29;&#xE15;&#xE23;&#xE01;&#xE23; &#xE08;.&#xE19;&#xE04;&#xE23;&#xE28;&#xE23;&#xE35;&#xE18;&#xE23;&#xE23;&#xE21;&#xE23;&#xE32;&#xE0A;) -- &#xE1A;&#xE17;&#xE17;&#xE35;&#xE48; 10 &#xE2A;&#xE23;&#xE38;&#xE1B;&#xE40;&#xE1B;&#xE23;&#xE35;&#xE22;&#xE1A;&#xE40;&#xE17;&#xE35;&#xE22;&#xE1A;&#xE40;&#xE01;&#xE29;&#xE15;&#xE23;&#xE01;&#xE23;&#xE1C;&#xE39;&#xE49;&#xE1B;&#xE25;&#xE39;&#xE01;&#xE17;&#xE38;&#xE40;&#xE23;&#xE35;&#xE22;&#xE19; -- &#xE2A;&#xE48;&#xE27;&#xE19;&#xE17;&#xE35;&#xE48; 4 &#xE1A;&#xE17;&#xE2A;&#xE48;&#xE07;&#xE17;&#xE49;&#xE32;&#xE22; -- &#xE1A;&#xE17;&#xE17;&#xE35;&#xE48; 11 &#xE2A;&#xE23;&#xE38;&#xE1B; &#xE02;&#xE49;&#xE2D;&#xE2A;&#xE31;&#xE07;&#xE40;&#xE01;&#xE15; &#xE41;&#xE25;&#xE30;&#xE02;&#xE49;&#xE2D;&#xE40;&#xE2A;&#xE19;&#xE2D;&#xE41;&#xE19;&#xE30;&#xE40;&#xE0A;&#xE34;&#xE07;&#xE19;&#xE42;&#xE22;&#xE1A;&#xE32;&#xE22;.</subfield>
  </datafield>
  <datafield tag="650" ind1=" " ind2="4">
    <subfield code="9">61017</subfield>
    <subfield code="a">&#xE1C;&#xE25;&#xE34;&#xE15;&#xE1C;&#xE25;&#xE1E;&#xE37;&#xE0A;&#xE2A;&#xE27;&#xE19;</subfield>
  </datafield>
  <datafield tag="650" ind1=" " ind2="4">
    <subfield code="9">61018</subfield>
    <subfield code="a">&#xE21;&#xE30;&#xE21;&#xE48;&#xE27;&#xE07;</subfield>
    <subfield code="x">&#xE01;&#xE32;&#xE23;&#xE15;&#xE25;&#xE32;&#xE14;</subfield>
  </datafield>
  <datafield tag="650" ind1=" " ind2="4">
    <subfield code="9">56509</subfield>
    <subfield code="a">&#xE17;&#xE38;&#xE40;&#xE23;&#xE35;&#xE22;&#xE19;</subfield>
    <subfield code="x">&#xE01;&#xE32;&#xE23;&#xE15;&#xE25;&#xE32;&#xE14;</subfield>
  </datafield>
  <datafield tag="650" ind1=" " ind2="4">
    <subfield code="9">9435</subfield>
    <subfield code="a">&#xE40;&#xE01;&#xE29;&#xE15;&#xE23;&#xE01;&#xE23; </subfield>
    <subfield code="x">&#xE44;&#xE17;&#xE22;</subfield>
  </datafield>
  <datafield tag="700" ind1="0" ind2=" ">
    <subfield code="9">24514</subfield>
    <subfield code="a">&#xE40;&#xE02;&#xE21;&#xE23;&#xE31;&#xE10; &#xE40;&#xE16;&#xE25;&#xE34;&#xE07;&#xE28;&#xE23;&#xE35;</subfield>
  </datafield>
  <datafield tag="700" ind1="0" ind2=" ">
    <subfield code="9">61019</subfield>
    <subfield code="a">&#xE1E;&#xE0A;&#xE23;&#xE1E;&#xE31;&#xE0A;&#xE23;&#xE4C; &#xE16;&#xE27;&#xE34;&#xE25;&#xE19;&#xE1E;&#xE19;&#xE31;&#xE19;&#xE17;&#xE4C;</subfield>
  </datafield>
  <datafield tag="700" ind1="0" ind2=" ">
    <subfield code="9">3968</subfield>
    <subfield code="a">&#xE1B;&#xE34;&#xE22;&#xE30;&#xE17;&#xE31;&#xE28;&#xE19;&#xE4C; &#xE1E;&#xE32;&#xE2C;&#xE2D;&#xE19;&#xE38;&#xE23;&#xE31;&#xE01;&#xE29;&#xE4C;</subfield>
  </datafield>
  <datafield tag="700" ind1="0" ind2=" ">
    <subfield code="9">3969</subfield>
    <subfield code="a">&#xE27;&#xE23;&#xE20;&#xE31;&#xE17;&#xE23; &#xE08;&#xE34;&#xE15;&#xE23;&#xE44;&#xE1E;&#xE28;&#xE32;&#xE25;&#xE28;&#xE23;&#xE35;</subfield>
  </datafield>
  <datafield tag="700" ind1="0" ind2=" ">
    <subfield code="9">3970</subfield>
    <subfield code="a">&#xE2A;&#xE21;&#xE1E;&#xE23; &#xE2D;&#xE34;&#xE28;&#xE27;&#xE34;&#xE25;&#xE32;&#xE19;&#xE19;&#xE17;&#xE4C;</subfield>
  </datafield>
  <datafield tag="850" ind1=" " ind2=" ">
    <subfield code="a">NALT</subfield>
  </datafield>
  <datafield tag="942" ind1=" " ind2=" ">
    <subfield code="c">GB</subfield>
    <subfield code="2">lcc</subfield>
  </datafield>
  <datafield tag="996" ind1=" " ind2=" ">
    <subfield code="a">chunbijaya.r</subfield>
    <subfield code="b">CATSTF	</subfield>
    <subfield code="c">2023-05-26</subfield>
  </datafield>
  <datafield tag="996" ind1=" " ind2=" ">
    <subfield code="a">jamriang.p</subfield>
    <subfield code="b">CATSTF	</subfield>
    <subfield code="c">2023-06-13</subfield>
  </datafield>
  <datafield tag="999" ind1=" " ind2=" ">
    <subfield code="c">102248</subfield>
    <subfield code="d">102248</subfield>
  </datafield>
  <datafield tag="998" ind1=" " ind2=" ">
    <subfield code="j">111</subfield>
    <subfield code="k"> &#xE19;&#xE32;&#xE07;&#xE2A;&#xE32;&#xE27;&#xE1E;&#xE08;&#xE1E;&#xE34;&#xE13;  &#xE1E;&#xE23;&#xE21;&#xE40;&#xE2D;&#xE35;&#xE48;&#xE22;&#xE21;</subfield>
  </datafield>
  <datafield tag="952" ind1=" " ind2=" ">
    <subfield code="0">0</subfield>
    <subfield code="1">0</subfield>
    <subfield code="2">lcc</subfield>
    <subfield code="4">0</subfield>
    <subfield code="7">0</subfield>
    <subfield code="8">CGBL</subfield>
    <subfield code="a">NALT</subfield>
    <subfield code="b">NALT</subfield>
    <subfield code="c">GEN</subfield>
    <subfield code="d">2023-05-26</subfield>
    <subfield code="l">2</subfield>
    <subfield code="m">1</subfield>
    <subfield code="o">S 535.T5 &#xE2A;722&#xE21; 2566</subfield>
    <subfield code="p">3961223166</subfield>
    <subfield code="r">2024-12-13 00:00:00</subfield>
    <subfield code="s">2024-11-26</subfield>
    <subfield code="w">2023-05-26</subfield>
    <subfield code="y">GB</subfield>
  </datafield>
</record>
